Risk and technological innovation : American manufacturing methods during the nineteenth century /

Bibliographic Details
Main Author: Strassmann, W. Paul (Wolfgang Paul), 1926-
Format: Book
Language:English
Published: Westport, Conn. : Greenwood Press, 1981
Subjects:

MARC

Tag First Indicator Second Indicator Subfields
LEADER 00000pam a2200000 a 4500
001 in00000092280
005 20150923132038.0
008 810423r1981 ctu b 00110 eng
010 |a  81004252  
020 |a 0313230838 (lib. bdg.) 
035 |a (OCoLC)07459771 
035 |9 AAK7362AM 
039 0 |a 2  |b 3  |c 3  |d 3  |e 3 
040 |a DLC  |c DLC  |d TXA  |d UtOrBLW 
043 |a n-us--- 
049 |a TXAM  |c [1633327] 
050 0 0 |a HC110 T4  |b  S77 1981 
082 0 |a 338/.06  |2 19 
100 1 |a Strassmann, W. Paul  |q (Wolfgang Paul),  |d 1926- 
245 1 0 |a Risk and technological innovation :  |b American manufacturing methods during the nineteenth century /  |c by W. Paul Strassmann. 
264 1 |a Westport, Conn. :  |b Greenwood Press,  |c 1981 
264 4 |c ©1959 
300 |a x, 249 pages ;  |c 23 cm. 
336 |a text  |b txt  |2 rdacontent 
337 |a unmediated  |b n  |2 rdamedia 
338 |a volume  |b nc  |2 rdacarrier 
500 |a Reprint. Originally published: Ithaca, N.Y., Cornell University Press, 1959. 
500 |a Includes index. 
504 |a Bibliography: pages 227-242. 
650 0 |a Technological innovations  |z United States. 
650 0 |a Risk  |z United States. 
650 0 |a Industries  |z United States. 
999 |a MARS 
999 f f |s 60a128d8-f201-35b1-b797-f65f0a34be45  |i e1467333-9bc4-3050-a12b-f48c2ee10581  |t 0 
952 f f |p ric  |a Texas A&M University  |b Rellis Campus  |c Joint Library Facility  |d Remote Storage  |t 0  |e HC110 T4 S77 1981  |h Library of Congress classification  |i unmediated -- volume  |m A14806006506 
998 f f |a HC110 T4 S77 1981  |t 0  |l Remote Storage